Sports Quiz

Random Sports or Football Quiz

NFL - Rookie Pro Bowlers Quiz Stats

 Plays Quiz not verified by Sporcle

Also try: Big 4 Sports Trios
Challenge
Share
Tweet
Embed
Score 0/108 Timer 12:00
0 Plays Today
Season Player % Correct
2008Chris Johnson
88%
1990Johnny Johnson
86.8%
2010Ndamukong Suh
86.5%
2007Adrian Peterson
86.5%
2006Devin Hester
86.5%
2006Vince Young
83.6%
1984Fredd Young
82.7%
1973Charle Young
82.7%
2009Clay Matthews
82.5%
2007Joe Thomas
80.4%
1999Edgerrin James
80.1%
1989Derrick Thomas
79.8%
2001Steve Smith
78.4%
2008Clifton Smith
78.1%
1990Emmitt Smith
78.1%
2010Eric Berry
78.1%
2007Patrick Willis
77.5%
1998Randy Moss
76.9%
2010Maurkice Pouncey
76.6%
2009Percy Harvin
75.1%
2003Anquan Boldin
75.1%
2002Jeremy Shockey
74.6%
2008Jake Long
74%
2000Brian Urlacher
74%
1994Marshall Faulk
73.1%
2009Brian Cushing
71.1%
1989Barry Sanders
69%
2005Shawne Merriman
64.9%
1998Charles Woodson
63.7%
2009Brian Orakpo
59.1%
1988Tim Brown
59.1%
1982Charlie Brown
59.1%
1997Warrick Dunn
58.2%
1983Dan Marino
56.1%
2010Devin McCourty
55%
1983Eric Dickerson
54.4%
Season Player % Correct
1988Keith Jackson
52.6%
1999Jevon Kearse
52.3%
1995Curtis Martin
52.3%
1981Lawrence Taylor
51.2%
1982Marcus Allen
50.6%
1972Franco Harris
49.4%
2009Johnny Knox
48.5%
1993Jerome Bettis
47.1%
2009Jairus Byrd
45.3%
2007Nick Folk
43.9%
2005Lofa Tatupu
43.9%
1978Earl Campbell
43.9%
1992Ricky Watters
42.4%
1979Ottis Anderson
42.4%
1981Ronnie Lott
37.1%
1980Billy Sims
34.5%
1983Curt Warner
34.2%
1981Cris Collinsworth
33.3%
1976Sammy White
33%
1978Tony Green
32.2%
1973Ray Guy
29.2%
1988Rufus Porter
28.4%
1981George Rogers
28.1%
1985Kevin Mack
26.9%
2001Kendrell Bell
24.9%
1978James Lofton
24.9%
1984Greg Bell
24.6%
1976Mike Haynes
23.7%
2006Marcus McNeill
22.8%
1980Joe Cribbs
21.9%
1973Chuck Foreman
21.9%
1989Dave Meggett
21.6%
2010Marc Mariani
21.1%
1981Everson Walls
21.1%
1978John Jefferson
21.1%
1990Richmond Webb
19.9%
Season Player % Correct
1990Mark Carrier
18.1%
1984Louis Lipps
18.1%
1986Rueben Mayes
17%
1995Darren Bennett
16.7%
1980Junior Miller
14.6%
1980Eddie Murray
14%
1971Vic Washington
14%
1971John Brockington
13.5%
1973Isaac Curtis
13.2%
1982Chip Banks
12.9%
1978Al Baker
12%
1973Greg Pruitt
12%
1988John Stephens
11.7%
1981Joe Delaney
11.7%
1971Isiah Robertson
11.4%
1983Chris Hinton
10.2%
1986John Offerdahl
9.6%
1972Chester Marcol
9.1%
1980Mike Nelms
8.8%
1970Raymond Chester
8.5%
1970Lemar Parrish
8.5%
2005Jerome Mathis
7%
1988Erik McMillan
6.7%
1978Frank Corral
6.7%
1989David Treadwell
6.1%
1986Vai Sikahema
6.1%
1973Wally Chambers
5.6%
1984Brian Hansen
4.7%
1973Tom Wittum
4.1%
1983Ali Haji-Sheikh
3.8%
1973Nick Mike-Mayer
3.5%
1986Bobby Joe Edmonds
2.9%
1985Dale Hatcher
2.3%
1972Bruce Laird
1.5%
1993Tyrone Hughes
1.2%
1979Bob Grupp
1.2%

You're not logged in!

Compare scores with friends on all Sporcle quizzes.
Join for Free
OR
Log In

You Might Also Like...

Show Comments

Extras

Top Quizzes Today


Score Distribution

Your Account Isn't Verified!

In order to create a playlist on Sporcle, you need to verify the email address you used during registration. Go to your Sporcle Settings to finish the process.

Report this User

Report this user for behavior that violates our Community Guidelines.

Details: